00717nam a22001937a 450000500170000001000150001702000260003203500140005803700130007208200100008510000210009524500550011626000360017127001230020730000270033094200240035799900190038195201230040020180409162001.0 aENG-122494 a9789381950401c495.00 aEN-106026 bDBAD/PUB a181.4 aTater, Sohan Raj aKnowledge and belief theory /cby Tater, Sohan Raj aJaipurbSankalp Prakashanc2017 a467, Badayon ka Chowk, Govindrao Ji Ka Rasta, Chanpole Bazar, bJaipure302001k4004330msankalpprakashanjpr@gmail.com a128p.bill. c20cm(Hb) 2ddccENmTATh181.4 c150799d150799 001040718NFICaDBADbBL1d2018-04-05eDBAD/PUBg495.00l0o181.4 TATpEN-106026r2018-04-05 00:00:00t1v495.00yEN